000 00895cab a22001935a 4500
001 L139285
008 070724e20070718xxk f 000 0 eng d
035 _a(Sirsi) u139285
041 0 _aeng
110 _aBarbour ABI
_94945
245 0 0 _aHospital PFI rejuvenates Balfour Beatty
260 _c2007
490 0 _aContract Journal
_v439(6634) 18 July 2007, 8-9(2)
520 _aBalfour Beatty topped the new work winners monthly league table for June 2007, with Kier in second place and Laing O'Rourke in third. Balfour Beatty remained at the top of the new work winners table for the past 12 months. Total construction orders increased to £2.86bn in June, driven by other public non-housing work, as well as healthy orders in the civils and private commercial sectors.
590 _aKA
651 4 _aGreat Britain
_y1707-
690 _aBUILT ENVIRONMENT-CONSTRUCTION MARKET
942 _n0
999 _c79039
_d79039